Generator Puzzle #42 - Statistics

General Stats
  • This quiz has been taken 263 times
  • The average score is 13 of 21
Answer Stats
Hint Answer % Correct
3 III
92%
15 XV
92%
pot top lid
88%
not bright dim
86%
stir mix
85%
111 CXI
74%
109 CIX
73%
very angry livid
63%
milliliter mil
62%
502 DII
61%
1014 MXIV
59%
ego's partner id
58%
1153 MCLIII
57%
skirt length midi
53%
vitality vim
51%
44 XLIV
51%
polite civil
41%
450 CDL
40%
Greek ξ xi
38%
945 CMXLV
36%
biggest # MDCLXVIII
29%
No matching quizzes found
Score Distribution
Percent of People with Each Score
Percentile by Number Answered
Your Score History
You have not taken this quiz